Central Library and Information Centre
Sibsagar Girls' College, Sivasagar : Assam

CHITRAKALA ( ANKAN ARU BYAKARAN ) (Record no. 32089)

MARC details
000 -LEADER
fixed length control field 00372nam a22001457a 4500
005 - DATE AND TIME OF LATEST TRANSACTION
control field 20251106063329.0
008 - FIXED-LENGTH DATA ELEMENTS--GENERAL INFORMATION
fixed length control field 251106b |||||||| |||| 00| 0 eng d
040 ## - CATALOGING SOURCE
Original cataloging agency
Transcribing agency
100 ## - MAIN ENTRY--PERSONAL NAME
Personal name RAHMAN AJANUR
9 (RLIN) 1022
245 ## - TITLE STATEMENT
Title CHITRAKALA ( ANKAN ARU BYAKARAN )
250 ## - EDITION STATEMENT
Edition statement 1ST
260 ## - PUBLICATION, DISTRIBUTION, ETC.
Place of publication, distribution, etc. SIVASAGAR
Name of publisher, distributor, etc. MISS NASIMA BEGUM
Date of publication, distribution, etc. OCTOBER 1998
300 ## - PHYSICAL DESCRIPTION
Extent 200:P
942 ## - ADDED ENTRY ELEMENTS (KOHA)
Source of classification or shelving scheme Dewey Decimal Classification
Koha item type Books
Holdings
Withdrawn status Lost status Source of classification or shelving scheme Damaged status Not for loan Collection code Home library Current library Shelving location Date acquired Total Checkouts Barcode Date last seen Price effective from Koha item type Public note
    Dewey Decimal Classification     TBASM Central Library and Information Centre Sibsagar Girls College Central Library and Information Centre Sibsagar Girls College BBLMC 18.02.2022   46467 06.11.2025 06.11.2025 Books V


Sibsagar Girl's College © 2020. All rights reserved.
Powered by Koha.
Maintained by Abhijit Borpuzari.